000
00209 a2200097 4500
001
46717
100
_a
Chant C
245
_a
the worlds navies
260
_a
London
_b
David & Charles
_c
090
_c
29812
_d
29812
942
_a
NUST-CAE
_c
M
_c
22016
999
_c
281790
_d
281790